00994nam a22002177a 450000500170000001000170001702000260003402000230006003500170008303700260010008200160012624500340014226000450017630000630022150001110028450000500039550502370044565000400068265000350072270000190075720110603103952.0 aB-430983-984 a9780195691986c850.00 a0195691989c850.00 aB-430983-984 bAllied Publishers/VEN14a305.69710541 aIndia's muslims:ban omnibus/ aNew DelhibOxford University Pressc2008 a(xvii, xxx, 386p.; xxiii, 271p.; xiii, 383p.)c22cm (Hb ) aThis is an artificial composite book & 3 parts bounded together having their own title & a common title.  aIncludes bibliographical references and index aIslamic revival in British India: Deoband, 1860-1900 by Barbara Daly Metcalf - The Bengal Muslims, 1876-1901: a quest for identity by Rafiuddin Ahmed - Legacy of a divided nation: India's Muslims since independence by Mushirul Hasan aMuslimsxIndiayPolitical activity. aIndiaxPolitics and government aMushirul Hasan